|
|
|
|
| LEADER |
00765nab a2200193 i 4500 |
| 001 |
acta33213 |
| 005 |
20231009103208.0 |
| 008 |
161017s1934 hu o 0|| hun d |
| 040 |
|
|
|a SZTE Egyetemi Kiadványok Repozitórium
|b hun
|
| 041 |
|
|
|a hun
|
| 100 |
1 |
|
|a Csapó István
|
| 245 |
1 |
0 |
|a Kettős királyválasztás
|h [elektronikus dokumentum] :
|b hazánk a mohácsi vész után : mintatanítás a fiúiskola IV. osztályában /
|c Csapó István
|
| 260 |
|
|
|c 1934
|
| 300 |
|
|
|a 33-38b
|
| 490 |
0 |
|
|a A cselekvés iskolája
|v 1-2
|
| 650 |
|
4 |
|a Társadalomtudományok
|
| 650 |
|
4 |
|a Oktatástudomány
|
| 695 |
|
|
|a Történelem tanítása módszer, Magyarország története 16. sz.
|
| 856 |
4 |
0 |
|u http://acta.bibl.u-szeged.hu/33213/1/cselekves_001_002_033-038b.pdf
|z Dokumentum-elérés
|